21st Century Football Players by Picture - Random - Statistics

General Stats
  • This quiz has been taken 819 times
  • The average score is 16 of 20
Answer Stats
Picture Answer % Correct
Achraf Hakimi
100%
Antoine Griezmann
100%
Christian Eriksen
100%
Cole Palmer
100%
David Luiz
100%
Declan Rice
100%
Edinson Cavani
100%
Erling Haaland
100%
Gareth Bale
100%
Kylian Mbappé
100%
Luka Modrić
100%
Marcelo
100%
Marco Reus
100%
Marcus Rashford
100%
Mohamed Salah
100%
Neymar
100%
N'Golo Kanté
100%
Paul Pogba
100%
Raphaël Varane
100%
Romelu Lukaku
100%
Samuel Eto'o
100%
Serge Gnabry
100%
Thomas Müller
100%
Wayne Rooney
100%
Zinedine Zidane
100%
Zlatan Ibrahimović
100%
Gianluigi Donnarumma
97%
Jamal Musiala
97%
Andrea Pirlo
96%
Gianluigi Buffon
96%
Harry Kane
96%
İlkay Gündoğan
96%
Lautaro Martínez
96%
Olivier Giroud
96%
Rodrygo
96%
Ronaldinho
96%
Thierry Henry
96%
Alphonso Davies
95%
Bernardo Silva
95%
Bruno Fernandes
95%
Cristiano Ronaldo
95%
Dani Olmo
95%
Eden Hazard
95%
Florian Wirtz
95%
Jorginho
95%
Jude Bellingham
95%
Kaká
95%
Keylor Navas
95%
Lamine Yamal
95%
Paul Scholes
95%
Petr Čech
95%
Rio Ferdinand
95%
Rivaldo
95%
Sergio Agüero
95%
Sergio Ramos
95%
Vincent Kompany
95%
Vinícius Júnior
95%
Carlos Tevez
94%
Diego Godín
94%
Dimitri Payet
94%
Ederson
94%
Pepe
94%
Arturo Vidal
93%
Cafu
93%
Carles Puyol
93%
Leroy Sané
93%
Phil Foden
93%
Pierre-Emerick Aubameyang
93%
Riyad Mahrez
93%
Roberto Carlos
93%
Rodri
93%
Sadio Mané
93%
Andrés Iniesta
92%
Hugo Lloris
92%
Iker Casillas
92%
Lionel Messi
92%
Miroslav Klose
92%
Ousmane Dembélé
92%
Philippe Coutinho
92%
Ronaldo
92%
Son Heung-min
92%
David de Gea
91%
David Villa
91%
Frank Lampard
91%
Jamie Vardy
91%
Oliver Kahn
91%
Roberto Firmino
91%
Ángel Di María
90%
Antonio Rüdiger
90%
David Alaba
90%
Didier Drogba
90%
Emiliano Martínez
90%
Enzo Fernandez
90%
Federico Valverde
90%
Karim Benzema
90%
Manuel Neuer
90%
Mats Hummels
90%
Patrice Evra
90%
Pavel Nedvěd
90%
Toni Kroos
90%
Bukayo Saka
89%
Diego Costa
89%
Francesco Totti
89%
Jaap Stam
89%
John Stones
89%
Kevin De Bruyne
89%
Marc-André ter Stegen
89%
Sergio Busquets
89%
Thibaut Courtois
89%
Arjen Robben
88%
Casemiro
88%
Dani Alves
88%
Fernando Hierro
88%
Franck Ribéry
88%
Frenkie de Jong
88%
Gabriel Jesus
88%
Gonzalo Higuaín
88%
Javier Mascherano
88%
Marco Verratti
88%
Martin Ødegaard
88%
Memphis Depay
88%
Nico Williams
88%
Raheem Sterling
88%
Trent Alexander-Arnold
88%
Victor Osimhen
88%
Virgil van Dijk
88%
Xabi Alonso
88%
Alexis Sánchez
87%
Fabinho
87%
Fernando Torres
87%
Javier Zanetti
87%
Julián Álvarez
87%
Paulo Dybala
87%
Sol Campbell
87%
Steven Gerrard
87%
Bastian Schweinsteiger
86%
Fabio Cannavaro
86%
Luis Suárez
86%
Matthijs de Ligt
86%
Raphinha
86%
Xavi
86%
Alisson
85%
Dennis Bergkamp
85%
Juan Mata
85%
Michael Owen
85%
William Saliba
85%
Alexander Isak
84%
Ciro Immobile
84%
Edin Džeko
84%
João Cancelo
84%
John Terry
84%
Theo Hernández
84%
Ashley Cole
83%
Daniele de Rossi
83%
Gerard Piqué
83%
Jérôme Boateng
83%
Luis Díaz
83%
Pedri
83%
Mario Balotelli
82%
Paolo Maldini
82%
Patrick Kluivert
82%
Rafael Leão
82%
Robert Lewandowski
82%
Yaya Touré
82%
Álvaro Morata
81%
Ivan Perisic
81%
James Rodríguez
81%
Joshua Kimmich
81%
Juan Sebastián Verón
81%
Mesut Özil
81%
Robin van Persie
81%
Gennaro Gattuso
80%
Ivan Rakitić
80%
Joe Hart
80%
Jordi Alba
80%
Mario Götze
80%
Marquinhos
80%
Thiago Alcantara
80%
Willian
80%
David Silva
79%
Khvicha Kvaratskhelia
79%
Leonardo Bonucci
79%
Nicolas Anelka
79%
Philipp Lahm
79%
Alan Shearer
78%
Gavi
78%
Isco
78%
Kyle Walker
78%
Marcel Desailly
78%
Nani
78%
Ryan Giggs
78%
Blaise Matuidi
77%
Nicolò Barella
77%
Pepe Reina
77%
Dani Carvajal
76%
David Beckham
76%
Diego Forlán
76%
Dušan Vlahović
76%
Eder Militao
76%
Edwin van der Sar
76%
Marek Hamsik
76%
Dida
75%
Dries Mertens
75%
Filippo Inzaghi
75%
Jan Oblak
75%
Nemanja Matić
75%
Alessandro Nesta
74%
Alexis Mac Allister
74%
Fernandinho
74%
Gary Neville
74%
Luís Figo
74%
Patrick Vieira
74%
Robert Pires
74%
Wesley Sneijder
74%
Sami Khedira
73%
Andy Robertson
72%
Lorenzo Insigne
72%
Michael Essien
72%
Ricardo Quaresma
72%
Viktor Gyökeres
72%
Alessandro Del Piero
71%
Henrik Larsson
71%
Joško Gvardiol
71%
Roy Keane
71%
Gabriel Batistuta
70%
Lilian Thuram
70%
Roberto Baggio
70%
Thiago Silva
70%
Giorgio Chiellini
69%
Park Ji-sung
69%
Deco
68%
Nicolás Otamendi
68%
Radamel Falcao
68%
Rúben Dias
68%
Victor Valdes
68%
Mario Mandžukić
67%
Raúl
67%
Henrikh Mkhitaryan
65%
Ruud van Nistelrooy
65%
Michael Ballack
64%
Nemanja Vidić
64%
Claudio Marchisio
63%
David Trezeguet
63%
Andriy Shevchenko
62%
Eric Abidal
62%
Kolo Touré
61%
Lukas Podolski
61%
Andrey Arshavin
60%
Branislav Ivanovic
60%
Hakan Çalhanoğlu
60%
Jamie Carragher
59%
Rui Costa
59%
Santi Cazorla
58%
Clarence Seedorf
57%
Hernán Crespo
57%
Lúcio
57%
Pedro
57%
Adriano
56%
Diego Milito
56%
Juan Román Riquelme
56%
Joao Moutinho
55%
Cesar Azpilicueta
53%
Klaas-Jan Huntelaar
53%
Dimitar Berbatov
52%
Cesc Fàbregas
50%
Guti
50%
Samir Handanovic
50%
Samir Nasri
50%
Bixente Lizarazu
48%
Gianluca Zambrotta
48%
Esteban Cambiasso
47%
Gilberto Silva
47%
Joe Cole
47%
Maicon
46%
Emmanuel Adebayor
43%
Jack Wilshere
43%
Ricardo Carvalho
43%
Ze Roberto
43%
Jay-Jay Okocha
41%
Diego
39%
Ezequiel Lavezzi
39%
Rafael van der Vaart
39%
Antonio Di Natale
38%
Luca Toni
38%
Bacary Sagna
35%
Fabien Barthez
35%
Fernando Morientes
35%
Walter Samuel
35%
Claude Makélélé
33%
Jeremie Frimpong
33%
William Gallas
33%
Jens Lehmann
30%
Rafael Marquez
30%
Florent Malouda
27%
Maxwell
26%
Pauleta
26%
Christian Vieri
25%
Freddie Ljungberg
24%
Roy Makaay
17%
Joan Capdevila
8%
No matching quizzes found
Score Distribution
Percent of People with Each Score
Percentile by Number Answered
Your Score History
You have not taken this quiz